Statistics for Guess the lyrics! - Beatles Song #2

Click here to take the quiz!

General Stats

  • This quiz has been taken 397 times
    (380 since last reset)
  • The average score is 103 of 180

Answer Stats

Lyrics % Correct
a
96%
a
96%
you
89%
the
89%
the
89%
you
89%
the
89%
the
89%
the
89%
the
89%
the
89%
the
89%
you,
89%
the
89%
the
89%
the
89%
the
89%
you,
89%
me
84%
me
84%
an
83%
an
83%
an
83%
an
83%
an
83%
an
83%
an
83%
an
83%
to
80%
to
80%
to
80%
to
80%
to
80%
to
80%
to
80%
and
77%
and
77%
and
77%
and
77%
and
77%
and
77%
We
76%
We
76%
We
76%
we
76%
we
76%
We
76%
be
75%
be
75%
be
75%
be
75%
be
75%
be
75%
be
75%
in
71%
in
71%
in
71%
in
71%
in
71%
in
71%
in,
71%
in
71%
in
71%
in
71%
in
71%
in
71%
in
71%
in
71%
do...
68%
on
64%
so
63%
No
59%
let
58%
with
58%
with
58%
with
58%
us
58%
us
58%
with
58%
my
56%
like
56%
there
56%
like
56%
like
56%
like
56%
know
54%
would
54%
for
54%
would
54%
what
54%
would
54%
where
54%
would
54%
what
54%
I'd
51%
I'd
51%
I'd
51%
I'd
51%
I'd
51%
under
50%
garden
50%
garden
50%
under
50%
garden
50%
garden
50%
garden
50%
garden
50%
garden
50%
under
50%
garden
50%
under
50%
garden
50%
sea
49%
octopus'
49%
octopus'
49%
sea
49%
one
49%
octopus'
49%
octopus'
49%
octopus'
49%
octopus'
49%
sea
49%
octopus'
49%
octopus'
49%
octopus'
49%
sea
49%
sea,
49%
see
48%
that
47%
come
46%
shade.
45%
shade.
45%
happy
45%
happy
45%
can't
45%
shade.
45%
shade.
45%
tell
44%
our
41%
girl
41%
our
41%
his
40%
been
40%
Oh,
39%
boy,
37%
waves,
36%
waves
36%
we've
35%
sing
35%
dance
35%
He'd
34%
friends
34%
every
34%
knows
33%
beneath
33%
beneath
33%
little
32%
about
31%
ask
30%
swim
29%
found.
28%
because
28%
hideaway
28%
shout
28%
around
27%
warm
26%
safe.
25%
joy
25%
they're
24%
knowing
24%
they're
24%
below
24%
storm,
24%
coral
21%
head
21%
bed
21%
lies
20%
near
18%
resting
18%
cave
17%

Score Distribution

Percentile by Number Answered

Percent of People with Each Score

Your Score History

You have not taken this quiz since the last reset